000
00209nam a22000857a 4500
008
160917b xxu||||| |||| 00| 0 eng d
100
_9
641
_a
NCERT
245
_a
Business Studies-XII
260
_a
New Delhi
_b
NCERT
_c
2009
999
_c
3299
_d
3299